000 00468nam a2200169Ia 4500
008 231217s9999 xx 000 0 und d
041 _aEnglish
082 _a001.642 TAN;24
100 _aTanenbaum, Andrew S. Woodhull, Albert S. Woodhull, Albert S
245 0 _aOperating systems : design and implementation
250 _a2nd ed.
260 _c1997
_bPearson
_aDelhi
300 _axvii+939
300 _cCD2315
650 _aOperating,systems,:
942 _cAA
999 _c176142
_d176142